000 00573nam a22001697a 4500
999 _c188399
_d188399
005 20220520120508.0
010 _aENG-132744
020 _a9780199489909
_c799.00
035 _aEN-116276
037 _bDBAD/PUB
245 _aSelected Works of Jawaharlal Nehru:
_b1 January - 06 February 1962/
_cEdited by Madhavan K. Palat
260 _aNew Delhi
_bJawaharlal Nehru Memorial Fund
_c2015
270 _aTeen Murti House
_bNew Delhi
_e110011
300 _axxi, 715p.
_bIndex
_c25cm(hbk)
700 _aPalat, Madhavan K.
942 _2ddc
_cEN
_h954.0420924
_mSEL